00927nam a2200241 a 450000100100000000500170001000800410002704000250006808200180009310000460011124500500015726000380020730000210024550000710026650400310033759000270036865000280039565000380042365000530046191000380051495201160055299900170066800003943720240226144733.0130627s1986 dr 000 0 spa d aDO-SdBNPbspacBNPHU a342.083bJ82a1 aJorge Blanco, Salvador,d1926-201093055113aEl asilo politíco /cSalvador Jorge Blanco. aSanto Domingo :bCorripio,c1986. a360 p. ;c23 cm. aIncluye referencias bibliográficas y notas al pie de las paginas aBibliografía: p. 351-353 aInventariado, 2018/ YL 4aDerecho de asilo929673 4aProtección diplomática965642 4aRefugiados políticosxSituación legal965643 aValidado. Control de calidad EMS. 0010718PDaPDbPDcHDd2013-06-27iLF1l0o342.083 J82ap39437-10r2020-06-25w2020-06-25yLFPDZNo se presta c38927d38927